000 00506nam a2200193Ia 4500
003 GCL
008 140319s9999 xx 000 0 eng d
040 _aGCL /
_cGCL
082 0 4 _a330
_bL E
100 1 _aLIPSEY, RICHARD G.
245 1 0 _aECONOMICS /
_cLIPSEY, RICHARD G.
700 1 _aCOURANT, PAUL N.
700 1 _aPURVIS, DOUGLAS D.
700 1 _aSTEINER, PETER O.
260 _a[S.N] :
_bHARPER COLLINS COLLEGE PUBLISBERS ،
_c1993
300 _a881 P P
650 0 4 _aECONOMIC
942 _2ddc
_cBK
999 _c16817
_d16817